000 00591nam a2200205 a 4500
008 951123s1971||||[C 0 slo c
020 _c29
040 _aSNK
_bslo
_cSNK
_eAACR2
041 1 _aslo
_hslo
044 _axo
_cSK
080 _a885.4-3
100 1 _aMináč, Vladimír
_4aut
245 1 0 _aNikdy nie si sama
_cVladimír Mináč ; Ján Krížik, Ladislav Borodáč
260 _aBratislava
_bSlovenský spisovateľ
_c1971
_eNitra
_fNitrianske tlačiarne
300 _c21 cm
490 0 _aRetro
700 1 _aKrížik, Ján
_4bkd
700 1 _aBorodáč, Ladislav
_4bkd
958 _aA
999 _c12117
_d12117